00442nam a2200157Ia 4500100002300000250000600023942000700029654001500036245003600051260004400087082001900131300000800150546001200158999001700170952009700187 aMoltershead/Allen  a9 cBK aelectronic aElectronic devices and circuits bPrentice Hall of IndiaaNew Delhic1973 a621.38132bMOT a641 aENGLISH c22849d22849 001040708CRCaCRCEbCRCEd2023-03-17l0o621.38132 MOTp10125r2023-03-17w2023-03-17yBK